header

First language attrition, use and maintenance (Record no. 7814)

MARC details
000 -LEADER
fixed length control field 01438nam a22003494a 4500
001 - CONTROL NUMBER
control field ebr10023483
003 - CONTROL NUMBER IDENTIFIER
control field CaPaEBR
006 - FIXED-LENGTH DATA ELEMENTS--ADDITIONAL MATERIAL CHARACTERISTICS--GENERAL INFORMATION
fixed length control field m u
007 - PHYSICAL DESCRIPTION FIXED FIELD--GENERAL INFORMATION
fixed length control field cr cn|||||||||
008 - FIXED-LENGTH DATA ELEMENTS--GENERAL INFORMATION
fixed length control field 020313s2002 ne a sb 001 0 eng
010 ## - LIBRARY OF CONGRESS CONTROL NUMBER
Canceled/invalid LC control number 2002018568
020 ## - INTERNATIONAL STANDARD BOOK NUMBER
Cancelled/invalid ISBN 1588111903
040 ## - CATALOGING SOURCE
Original cataloging agency CaPaEBR
Transcribing agency CaPaEBR
035 ## - SYSTEM CONTROL NUMBER
System control number (OCoLC)70767443
050 14 - LIBRARY OF CONGRESS CALL NUMBER
Classification number P40.5.L28
Item number S36 2002eb
082 04 - DEWEY DECIMAL CLASSIFICATION NUMBER
Classification number 306.44
Edition number 21
100 1# - MAIN ENTRY--PERSONAL NAME
Personal name Schmid, Monika S.
245 10 - TITLE STATEMENT
Title First language attrition, use and maintenance
Medium [electronic resource] :
Remainder of title the case of German Jews in anglophone countries /
Statement of responsibility, etc Monika S. Schmid.
260 ## - PUBLICATION, DISTRIBUTION, ETC. (IMPRINT)
Place of publication, distribution, etc Amsterdam ;
-- Philadelphia, PA :
Name of publisher, distributor, etc J. Benjamins Pub.,
Date of publication, distribution, etc 2002.
300 ## - PHYSICAL DESCRIPTION
Extent xiv, 258 p. :
Other physical details ill.
490 1# - SERIES STATEMENT
Series statement Studies in bilingualism,
International Standard Serial Number 0928-1533 ;
Volume number/sequential designation v. 24
504 ## - BIBLIOGRAPHY, ETC. NOTE
Bibliography, etc Includes bibliographical references (p. [197]-212) and index.
533 ## - REPRODUCTION NOTE
Type of reproduction Electronic reproduction.
Place of reproduction Palo Alto, Calif. :
Agency responsible for reproduction ebrary,
Date of reproduction 2013.
Note about reproduction Available via World Wide Web.
-- Access may be limited to ebrary affiliated libraries.
650 #0 - SUBJECT ADDED ENTRY--TOPICAL TERM
Topical term or geographic name as entry element Language attrition.
Topical term or geographic name as entry element Language maintenance.
Topical term or geographic name as entry element Languages in contact.
Topical term or geographic name as entry element Jews, German
Geographic subdivision English-speaking countries
General subdivision Languages.
655 #7 - INDEX TERM--GENRE/FORM
Genre/form data or focus term Electronic books.
Source of term local
710 2# - ADDED ENTRY--CORPORATE NAME
Corporate name or jurisdiction name as entry element ebrary, Inc.
830 #0 - SERIES ADDED ENTRY--UNIFORM TITLE
Uniform title Studies in bilingualism ;
Volume number/sequential designation v. 24.
856 40 - ELECTRONIC LOCATION AND ACCESS
Uniform Resource Identifier <a href="http://site.ebrary.com/lib/rucke/Doc?id=10023483">http://site.ebrary.com/lib/rucke/Doc?id=10023483</a>
Public note An electronic book accessible through the World Wide Web; click to view

No items available.

© 2026 Rongo University
Contact us: librarian | system librarian | Rongo university